00606nam a2200181 i 450000100060000000300090000600500170001500700030003200800410003510000210007624501490009725000260024626000610027230000220033370000190035570000190037485200310039327683ES-MaACL20230906153701.0t|030115s1950 mx ||||1| spa d1 aAuerbach, Erich.10aMímesis b: la representación de la realidad en la literatura occidental / cpor Erich Auerbach ; [traducción de I. Villanueva y E. Imaz]. a1ª ed. en español. aMéxico, etc : bFondo de Cultura Económica, c[1950] a531 p. ; c22 cm.1 aVillanueva, I.1 aImaz, Eugenio. aES-MaACLjD-5313 bR.31343